| 000 | 00876nam a22002417a 4500 | ||
|---|---|---|---|
| 001 | BR7806425 | ||
| 003 | BR-BrBNA | ||
| 005 | 20230928085744.0 | ||
| 007 | ta | ||
| 008 | 230509b bl.||||| |||| 00| 0 por d | ||
| 040 |
_aBR-BrBNA _bpor _cBiblioteca Nacional de Agricultura |
||
| 041 | _a(Por) | ||
| 072 |
_aU20 _b/G514 |
||
| 090 | _ U20 BR7806425 | ||
| 110 | 1 |
_aEmpresa Brasileira de Assistencia Tecnica e Extensao Rural, Brasilia, DF. Sistema Nacional de Informacao e Documentacao Agricola _93809 |
|
| 245 | 1 |
_aNotas para selecao de unidades documentarias a serem incorporadas a base de dados do SNIDA [Sistema Nacional de Informacao e Documentacao Agricola, Brasil] _bNota/TEC/78/005 |
|
| 260 | 3 |
_aBrasilia, DF (Brasil): _c1978. |
|
| 300 | _a4 p. | ||
| 650 | _aSISTEMA DE INFORMACAO | ||
| 650 | _aDOCUMENTACAO | ||
| 909 |
_a202309 _bLucia _c55 _dLucia Elande |
||
| 942 | _cBK | ||
| 999 |
_c26148 _d26148 |
||